000 00351 a2200109 4500
001 ART_3422
005 20260410161714.0
008 260409a
245 1 0 _aPolíticas de estabilización en los países en desarrollo
100 1 _aDornbusch, Rudiger
773 0 _tDesarrollo económico
_g- Vol. 22, Nº 86 (jul./sep. 1982)
_wREV1174
999 _c16376
_d16376